| 000 | 00488nam a2200181Ia 4500 | ||
|---|---|---|---|
| 005 | 20250423094829.0 | ||
| 008 | 250422s9999 xx 000 0 und d | ||
| 020 | _a9789386355263 | ||
| 050 | _a TN 870.5 .P73/ | ||
| 100 | _aPrajapathi, Tilak Ram | ||
| 245 | 0 | _aComposition and properties of petroleum | |
| 260 | _aNew Delhi | ||
| 260 | _bRandom Publications | ||
| 260 | _c2017 | ||
| 300 | _a326 p | ||
| 650 | _a Petroleum--Analysis. Natural gas--Analysis. | ||
| 942 | _cBK | ||
| 999 |
_c28425 _d28425 |
||